The Pan Am building and the shattering of the modernist dream / (Record no. 19178)

000 -LEADER
fixed length control field 01798pam a22003854a 4500
001 - CONTROL NUMBER
control field 13500352
005 - DATE AND TIME OF LATEST TRANSACTION
control field 20170114154124.0
008 - FIXED-LENGTH DATA ELEMENTS--GENERAL INFORMATION
fixed length control field 040224s2005 maua b 001 0 eng
010 ## - LIBRARY OF CONGRESS CONTROL NUMBER
LC control number 2004045468
020 ## - INTERNATIONAL STANDARD BOOK NUMBER
International Standard Book Number 0262033240
035 ## - SYSTEM CONTROL NUMBER
System control number (OCoLC)ocm54611220
042 ## - AUTHENTICATION CODE
Authentication code pcc
043 ## - GEOGRAPHIC AREA CODE
Geographic area code n-us-ny
050 00 - LIBRARY OF CONGRESS CALL NUMBER
Classification number NA6233.N5P363 2005
100 1# - MAIN ENTRY--PERSONAL NAME
Personal name Clausen, Meredith L.
245 14 - TITLE STATEMENT
Title The Pan Am building and the shattering of the modernist dream /
Statement of responsibility, etc. Meredith L. Clausen.
260 ## - PUBLICATION, DISTRIBUTION, ETC. (IMPRINT)
Place of publication, distribution, etc. Cambridge, Mass. :
Name of publisher, distributor, etc. MIT Press,
Date of publication, distribution, etc. c2005.
300 ## - PHYSICAL DESCRIPTION
Extent xviii, 477 p. :
Other physical details ill. ;
Dimensions 24 cm.
504 ## - BIBLIOGRAPHY, ETC. NOTE
Bibliography, etc Includes bibliographical references and index.
600 10 - SUBJECT ADDED ENTRY--PERSONAL NAME
Personal name Gropius, Walter,
Dates associated with a name 1883-1969
General subdivision Criticism and interpretation.
600 10 - SUBJECT ADDED ENTRY--PERSONAL NAME
Personal name Belluschi, Pietro,
Dates associated with a name 1899-
General subdivision Criticism and interpretation.
600 10 - SUBJECT ADDED ENTRY--PERSONAL NAME
Personal name Roth, Richard,
Dates associated with a name 1904-
General subdivision Criticism and interpretation.
610 20 - SUBJECT ADDED ENTRY--CORPORATE NAME
Corporate name or jurisdiction name as entry element MetLife Building (New York, N.Y.)
610 20 - SUBJECT ADDED ENTRY--CORPORATE NAME
Corporate name or jurisdiction name as entry element MetLife Building (New York, N.Y.)
General subdivision Public opinion.
650 #0 - SUBJECT ADDED ENTRY--TOPICAL TERM
Topical term or geographic name as entry element Modern movement (Architecture)
Geographic subdivision New York (State)
-- New York.
650 #0 - SUBJECT ADDED ENTRY--TOPICAL TERM
Topical term or geographic name as entry element Architecture and society
Geographic subdivision New York (State)
-- New York.
650 #0 - SUBJECT ADDED ENTRY--TOPICAL TERM
Topical term or geographic name as entry element Skyscrapers
Geographic subdivision New York (State)
-- New York.
651 #0 - SUBJECT ADDED ENTRY--GEOGRAPHIC NAME
Geographic name New York (N.Y.)
General subdivision Buildings, structures, etc.
942 ## - ADDED ENTRY ELEMENTS (KOHA)
Source of classification or shelving scheme
Koha item type Hard Covered Materials
Holdings
Withdrawn status Lost status Source of classification or shelving scheme Damaged status Not for loan Home library Current library Shelving location Date acquired Source of acquisition Total Checkouts Full call number Barcode Date last seen Price effective from Koha item type
          MACHAKOS UNIVERSITY LIBRARY MACHAKOS UNIVERSITY LIBRARY Technical section 14/01/2017 Donation (BFA)   NA 6233 .N5P363 2005 29893 19/07/2018 14/01/2017 Hard Covered Materials
© Machakos University Library, Along The Highway, Machakos Wote Rd, Machakos, Kenya P.O. Box 136 - 90100 Machakos - Kenya

Tel: ( +254 ) 723 805829 OR Fax : 044-20353 OR Email: library@mksu.ac.ke